Score 0/14 Timer 01:30
0 Plays Today
Title (Year of Release) Answer % Correct
Super _____ Bros. (1985)Mario
99.4%
Grand Theft _____ III (2001)Auto
98.2%
_____ the Hedgehog (1991)Sonic
97%
The Legend of _____ (1986)Zelda
94.8%
_____ Raider (1996)Tomb
92.5%
_____ Kong (1981)Donkey
88.9%
World of _____ (2004)Warcraft
81.1%
Title (Year of Release) Answer % Correct
Space _____ (1978)Invaders
78.9%
Final _____ VII (1997)Fantasy
78.6%
_____ Fighter II: The World Warrior (1991)Street
77.9%
The _____ Trail (1971)Oregon
71.7%
John _____ Football (1988)Madden
71.5%
_____ Red and Green [or Blue] (1996)Pokémon
43.4%
Halo: Combat _____ (2001)Evolved
31.3%

Today's Daily Dose

Remove Ads.
Support Sporcle.
Get the best of Sporcle when you Go Orange. This ad-free experience offers more features, more stats, and more fun while also helping to support Sporcle. Thank you for becoming a member.

You're not logged in!

Compare scores with friends on all Sporcle quizzes.
OR
Log In

Show Comments

Extras

Top Quizzes Today


Score Distribution

Your Account Isn't Verified!

In order to create a playlist on Sporcle, you need to verify the email address you used during registration. Go to your Sporcle Settings to finish the process.

Report this User

Report this user for behavior that violates our Community Guidelines.

Details: